01035nab a22002297a 4500003000400000005001700004008004100021040000700062100003300069245008100102260007300183300001300256500004500269505014700314505009000461650003400551650001100585650002100596650002600617650002900643773013300672OSt20250306135813.0190603e xxum|||| |||| 00| 0 spa d cPJ aQuaranta Costerg, Juan Pablo10aCambio de nombre. Calificaciones y reenvío /cJuan Pablo Quaranta Costerg. cCiudad Autónoma de Buenos Aires :aThomson Reuters La Ley, b2024. ap. 45-48 aCita Online: TR LALEY AR/DOC/1628/2024.  aSumario: I. Introducción.— II. El caso. Los hechos.— III. El dictamen de la SE.JU.CAI.— IV. La sentencia.— V. A modo de colofón.  t¿Te interesa el texto completo? Solicitalo al correo: koha@justierradelfuego.gov.ar  0aDERECHO INTERNACIONAL PRIVADO 0aNOMBRE 0aCAMBIO DE NOMBRE 0aPARTIDA DE NACIMIENTO 0aCODIGO CIVIL Y COMERCIAL0 02713dCiudad Autónoma de Buenos Aires : Thomson Reuters La Ley, 2015-tRevista Código Civil y Comercial. Nº 4 - Agosto 2024